000 00319nam a22001457a 4500
008 230414b ||||| |||| 00| 0 eng d
020 _a9780789466914
041 _aeng
080 _a7
082 _a7BON
100 _a20
101 _aART
245 _aJAMES BOND THE SECRET WORLS OF 007
_cBOND.J
942 _2udc
_cBK
999 _c59537
_d59537